Higher engineering mathematics / (Record no. 548556)

000 -LEADER
fixed length control field 00661cam a2200205 a 4500
020 ## - INTERNATIONAL STANDARD BOOK NUMBER
International Standard Book Number 075064110X
082 00 - DEWEY DECIMAL CLASSIFICATION NUMBER
Classification number 510.2462
Author Mark BIR
-- N-01,P-22
100 1# - MAIN ENTRY--PERSONAL NAME
Personal name Bird, J. O.
9 (RLIN) 44903
245 10 - TITLE STATEMENT
Title Higher engineering mathematics /
Statement of responsibility, etc. J.O. Bird.
250 ## - EDITION STATEMENT
Edition statement 3rd ed.
260 ## - PUBLICATION, DISTRIBUTION, ETC.
Place of publication, distribution, etc. Oxford ;
-- Boston :
Name of publisher, distributor, etc. Newnes,
Date of publication, distribution, etc. 1999.
300 ## - PHYSICAL DESCRIPTION
Extent x, 644 p. :
Other physical details ill. ;
Dimensions 25 cm.
500 ## - GENERAL NOTE
General note Includes index.
526 ## - STUDY PROGRAM INFORMATION NOTE
Program name 0
Interest level 1
Reading level 0
Title point value 510_246200000000000_BIR
650 #0 - SUBJECT ADDED ENTRY--TOPICAL TERM
Topical term or geographic name entry element Engineering mathematics.
9 (RLIN) 2310
650 #0 - SUBJECT ADDED ENTRY--TOPICAL TERM
Topical term or geographic name entry element NUST
9 (RLIN) 6342
856 41 - ELECTRONIC LOCATION AND ACCESS
Uniform Resource Identifier <a href="http://www.loc.gov/catdir/toc/els033/99462564.html">http://www.loc.gov/catdir/toc/els033/99462564.html</a>
856 42 - ELECTRONIC LOCATION AND ACCESS
Uniform Resource Identifier <a href="http://www.loc.gov/catdir/description/els033/99462564.html">http://www.loc.gov/catdir/description/els033/99462564.html</a>
942 ## - ADDED ENTRY ELEMENTS (KOHA)
Source of classification or shelving scheme
Koha item type Book
Holdings
Withdrawn status Lost status Source of classification or shelving scheme Damaged status Not for loan Permanent Location Current Location Date acquired Total Checkouts Total Renewals Full call number Barcode Date last seen Date last checked out Price effective from Koha item type
          Military College of Engineering (MCE) Military College of Engineering (MCE) 08/29/2014 2 1 510.2462 BIR MCE-44210 09/17/2015 09/17/2015 08/29/2014 Book
© 2023 Central Library, National University of Sciences and Technology. All Rights Reserved.